00989nam a2200325Ia 4500008004100000020001900041100002200060245003000082245014300112260001500255260002000270260000900290300001600299300003200315300001100347440002300358440001100381500003900392650003400431650002000465650001300485650001600498650004900514650001300563650001300576650002200589650002200611650002200633700000800655160803s9999 xx 000 0 und d a978-0439841177 aStilton, Geronimo 4aThe mummy with no name /  cGeronimo Stilton ; illustrations by Roberto Ronchi, Christian Aliprandi and Davide Turotti ; English translation by Edizioni Piemme S.p.A. aNew York : bScholastic Inc. c2006 a98 pages :  bcolor illustrations, maps ; c20 cm. aGeronimo Stilton : vbk. 26 aTranslation of: Mummia senza nome. aAdventure and adventurers --  aJournalists --  aMice --  aMummies --  aStilton, Geronimo (Fictitious character) --  xFiction. xFiction. xJuvenile fiction. xJuvenile fiction. xJuvenile fiction. a570